LIBRARY & INFORMATION CENTRE, KCAET, TAVANUR

ONLINE PUBLIC ACCESS CATALOGUE (OPAC)

Personal note or first and last words / (Record no. 3553)

MARC details
000 -LEADER
fixed length control field 00445cam a2200169ua 4500
041 ## - LANGUAGE CODE
Language code of text/sound track or separate title eng
082 ## - DEWEY DECIMAL CLASSIFICATION NUMBER
Classification number 828.09
Item number GRI/PE
100 ## - MAIN ENTRY--AUTHOR NAME
Personal name Grierson, Herbert J C .
245 ## - TITLE STATEMENT
Title Personal note or first and last words /
250 ## - EDITION STATEMENT
Edition statement 1 /
260 ## - PUBLICATION, DISTRIBUTION, ETC. (IMPRINT)
Place of publication London :
Name of publisher Chatto and Windus ,
Year of publication 1946.
300 ## - PHYSICAL DESCRIPTION
Number of Pages 190 ; .
700 1# - ADDED ENTRY--PERSONAL NAME
Personal name Wason, Sandys .
942 ## - ADDED ENTRY ELEMENTS (KOHA)
Koha item type Books
Holdings
Withdrawn status Lost status Damaged status Home library Current library Date acquired Cost, normal purchase price Full call number Accession Number Koha item type Public note
Withdrawn     KAUAET Sanskrit University 07/04/2012 7.60 828.09 6969 Books Transferred to Sanskrit University
free website counter